Proces transformácie a joint ventures

Na minha lista:
Detalhes bibliográficos
Autor principal: Táncošová, Judita
Formato: Capítulo de Livro
Idioma:eslovaco
Tags: Adicionar Tag
Sem tags, seja o primeiro a adicionar uma tag!

MARC

LEADER 00000naa$a2200000$$$4500
001 0110870
005 20221207123822.4
041 0 |a slo 
044 |a SK 
245 1 0 |a Proces transformácie a joint ventures  |c Judita Táncošová 
100 1 |a Táncošová, Judita